Distribuovaný databázový systém na MySQL

V tomto príspevku sa zameriame na problémy spojené s distribuovanými databázami spoločnosti, ktorá prevádzkuje sieť obchodov a svoju infraštruktúru má postavenú na opensource technológiách. Svoje údaje uchováva a spracováva pomocou databázy MySQL. Jej cieľom je vytvoriť funkčný a spoľahlivý IS so vš...

Ausführliche Beschreibung

Gespeichert in:
Bibliographische Detailangaben
1. Verfasser: Schmidt, Peter, 1968-
Weitere Verfasser: Jurík, Pavol, 1987-
Format: Buchkapitel
Sprache:Slowakisch
Schlagworte:
Tags: Tag hinzufügen
Keine Tags, Fügen Sie das erste Tag hinzu!

MARC

LEADER 00000naa a2200000 4500
001 0289473
005 20240502074433.8
041 0 |a slo 
044 |a SK 
245 1 0 |a Distribuovaný databázový systém na MySQL  |c Peter Schmidt, Pavol Jurík 
520 |a V tomto príspevku sa zameriame na problémy spojené s distribuovanými databázami spoločnosti, ktorá prevádzkuje sieť obchodov a svoju infraštruktúru má postavenú na opensource technológiách. Svoje údaje uchováva a spracováva pomocou databázy MySQL. Jej cieľom je vytvoriť funkčný a spoľahlivý IS so všetkými výhodami distribuovaného databázového systému (DDBS) na platforme MySQL. 
610 2 0 |a systémy informačné 
610 2 0 |a systémy databázové 
610 2 0 |a dáta 
100 1 |a Schmidt, Peter, 1968- 
700 1 |a Jurík, Pavol, 1987-